5 questions of general knowledge about France - Statistics

General Stats
  • This quiz has been taken 24 times
  • The average score is 46 of 58
Answer Stats
Question Tile Select % Correct
What is the actual french flag? No
100%
What is the actual french flag? No
100%
Click on the dish which isn't french Baguette No
100%
Click on the dish which isn't french Beef tartare No
100%
Click on the dish which isn't french Blanquette of veal No
100%
Click on the dish which isn't french Cassoulet No
100%
Click on the dish which isn't french Coq au vin No
100%
Click on the dish which isn't french Crème brûlée No
100%
Click on the dish which isn't french Crepe No
100%
Click on the dish which isn't french Croque-monsieur No
100%
Click on the dish which isn't french Foie gras No
100%
Click on the dish which isn't french Frogs legs No
100%
Click on the dish which isn't french Macaron No
100%
Click on the dish which isn't french Pot-au-feu No
100%
Click on the dish which isn't french Snails No
100%
Click on the dish which isn't french Tarte tatin No
100%
Click on the dish which isn't french Beef bourguignon No
95%
Click on the dish which isn't french Cheese soufflé No
95%
Click on the dish which isn't french Croissant No
95%
Click on the dish which isn't french Financier No
95%
Click on the dish which isn't french Oysters No
95%
Click on the dish which isn't french Profiteroles No
95%
Click on the dish which isn't french Ratatouille No
95%
Click on the dish which isn't french Floating island No
86%
Click on the innovation which isn't french or made by a french Aquarium No
81%
Click on the innovation which isn't french or made by a french Collapsible umbrella No
81%
Click on the innovation which isn't french or made by a french Entry code No
81%
Click on the innovation which isn't french or made by a french Ligature No
81%
Click on the innovation which isn't french or made by a french Photography No
81%
Click on the innovation which isn't french or made by a french Shower No
81%
Click on the innovation which isn't french or made by a french Aerometer No
76%
Click on the innovation which isn't french or made by a french Gas lighter No
76%
Click on the innovation which isn't french or made by a french Hairdryer No
76%
Click on the innovation which isn't french or made by a french Hot-air baloon No
76%
Click on the innovation which isn't french or made by a french Power hammer No
76%
Click on the innovation which isn't french or made by a french Smart card No
76%
Click on the innovation which isn't french or made by a french TGV (high speed train) No
76%
Click on the innovation which isn't french or made by a french Trash No
76%
Click on the innovation which isn't french or made by a french Typewriter in braille No
76%
Click on the innovation which isn't french or made by a french Calculating machine No
71%
Click on the innovation which isn't french or made by a french Can/Tin No
71%
Click on the innovation which isn't french or made by a french Cinema projector No
71%
In which region is the Mont Saint-Michel? In Bretagne (Brittany) No
71%
In which region is the Mont Saint-Michel? In Normandie (Normandy) Yes
71%
Click on the innovation which isn't french or made by a french Loom No
71%
Click on the innovation which isn't french or made by a french Solar Pannel No
71%
Click on the innovation which isn't french or made by a french Automatic transmission No
67%
Click on the innovation which isn't french or made by a french Bicycle No
67%
Click on the innovation which isn't french or made by a french Microcomputer No
67%
Click on the innovation which isn't french or made by a french Vaccine against tetanus No
67%
What is the actual french flag? Yes
57%
Click on the dish which isn't french Peking duck Yes
52%
Click on the dish which isn't french shepherd's pie No
48%
What is the actual french flag? No
43%
Click on the innovation which isn't french or made by a french Phone Yes
43%
France is the country with the most battles won in the world True Yes
43%
France is the country with the most battles won in the world False No
38%
Click on the dish which isn't french Sauerkraut No
24%
No matching quizzes found
Score Distribution
Percent of People with Each Score
Percentile by Number Answered
Your Score History
You have not taken this quiz